000 00360nam a22001457a 4500
008 211012b ||||| |||| 00| 0 eng d
020 _a2900073525241
041 _aeng
080 _26th
_a338
082 _a338
100 _a58
101 _aMEN
245 _aOperations Management in the Supply Chain Decisions and Cases
_cSchroeder,R.G
942 _2udc
_cBK
999 _c58179
_d58179